000 00853nam a22001937a 4500
003 NALT
005 20251027152706.0
008 s2556 th ||||| |||| 00| 0 tha d
020 _a9789740211082
040 _aNALT
050 _aJQ 1746.A3
_bก351ก 2556
245 0 0 _aกระบี่แพรพรรณ "ยิ่งลักษณ์" การเมือง นำ การเมือง
260 _aกรุงเทพฯ :
_bมติชน,
_c2556.
300 _a184 หน้า :
_bภาพประกอบ ;
_c21 ซม.
600 0 4 _aยิ่งลักษณ์ ชินวัตร
_dกิจกรรมทางการเมือง
_935901
650 4 _aรัฐบาล
_944056
_zไทย
_yสมัย ยิ่งลักษณ์ ชินวัตร, 2554-2557
850 _aNALT
942 _cGB
_2lcc
999 _c69014
_d69014
998 _j104
_k นางสาวสายฝน ดีงาม